书目信息 |
| 题名: |
让易经走进家庭
|
|
| 作者: | 马国欣 著 | |
| 分册: | 上册 | |
| 出版信息: | 华泰出版社 2010.06 |
|
| 页数: | 437页 | |
| 开本: | 20cm | |
| 丛书名: | ||
| 单 册: | ||
| 中图分类: | B221 | |
| 科图分类: | ||
| 主题词: | 先秦哲学 | |
| 电子资源: | ||
| ISBN: | 962-8482-50-5 | |
| 000 | 00534nam0 2200181 450 | |
| 001 | 1036808179 | |
| 005 | 20141231144806.63 | |
| 010 | @a962-8482-50-5@dCNY54.00 | |
| 100 | @a20100914d2010 km y0chiy0120 ea | |
| 101 | 0 | @achi |
| 200 | 1 | @a让易经走进家庭@Arang yi jing zou jin jia ting@h上册@f马国欣著@Fma guo xin zhu |
| 210 | @c华泰出版社@d2010.06 | |
| 215 | @a437页@d20cm | |
| 606 | 0 | @a先秦哲学 |
| 690 | @aB221@v4 | |
| 701 | 0 | @a马国欣@Ama guo xin@4著 |
| 801 | 0 | @aCN@b大连网信软件有限公司图书馆·11@c20141231 |
| 905 | @aZUCC@dB221@eM051:1 | |
| 让易经走进家庭.上册/马国欣著.-华泰出版社,2010.06 |
| 437页;20cm |
| ISBN 962-8482-50-5:CNY54.00 |
| ● |
| 相关链接 |
|
|
|
正题名:让易经走进家庭
索取号:B221/M051:1
 
预约/预借
| 序号 | 登录号 | 条形码 | 馆藏地/架位号 | 状态 | 备注 |
| 1 | 470460 | 204704604 | 社科库509/ [索取号:B221/M051:1] | 在馆 | |
| 2 | 470461 | 204704613 | 社科库509/509社科库 9排1列6层/ [索取号:B221/M051:1] | 在馆 | |
| 3 | 470462 | 204704622 | 社科库509/509社科库 9排1列6层/ [索取号:B221/M051:1] | 在馆 | |
| 4 | 470463 | 204704631 | 社科库509/509社科库 9排1列6层/ [索取号:B221/M051:1] | 在馆 | |
| 5 | 470464 | 204704640 | 社科库509/509社科库 9排1列6层/ [索取号:B221/M051:1] | 在馆 | |
| 6 | 470465 | 204704659 | 社科库509/509社科库 9排1列6层/ [索取号:B221/M051:1] | 在馆 | |
| 7 | 470466 | 204704668 | 社科库509/509社科库 9排1列6层/ [索取号:B221/M051:1] | 在馆 | |
| 8 | 470467 | 204704677 | 社科库509/509社科库 9排1列6层/ [索取号:B221/M051:1] | 在馆 | |
| 9 | 470468 | 204704686 | 社科库509/509社科库 9排1列6层/ [索取号:B221/M051:1] | 在馆 | |
| 10 | 470469 | 204704695 | 社科库509/509社科库 9排1列6层/ [索取号:B221/M051:1] | 在馆 | |
| 11 | 470470 | 204704702 | 社科库509/509社科库 9排1列6层/ [索取号:B221/M051:1] | 在馆 | |
| 12 | 470472 | 204704720 | 社科库509/509社科库 9排1列6层/ [索取号:B221/M051:1] | 在馆 | |
| 13 | 470473 | 204704739 | 社科库509/509社科库 9排1列6层/ [索取号:B221/M051:1] | 在馆 | |
| 14 | 470474 | 204704748 | 社科库509/509社科库 9排1列6层/ [索取号:B221/M051:1] | 在馆 | |
| 15 | 470475 | 204704757 | 社科库509/509社科库 9排1列6层/ [索取号:B221/M051:1] | 在馆 | |
| 16 | 470476 | 204704766 | 社科库509/509社科库 9排1列6层/ [索取号:B221/M051:1] | 在馆 | |
| 17 | 470477 | 204704775 | 社科库509/509社科库 9排1列6层/ [索取号:B221/M051:1] | 在馆 | |
| 18 | 470478 | 204704784 | 社科库509/509社科库 9排1列6层/ [索取号:B221/M051:1] | 在馆 | |
| 19 | 470479 | 204704793 | 社科库509/509社科库 9排1列6层/ [索取号:B221/M051:1] | 在馆 | |
| 20 | 495220 | 204952202 | 社科库509/509社科库 9排1列6层/ [索取号:B221/M051:1] | 在馆 |